Guía del apicultor. Utilizable en todas las regiones apícolas del mundo

Guardat en:
Dades bibliogràfiques
Autor principal: Philippe, Jean-Marie (autor)
Format: Desconegut
Publicat: Barcelona, España: Omega, 2008.
Matèries:
Etiquetes: Afegir etiqueta
Sense etiquetes, Sigues el primer a etiquetar aquest registre!

MARC

LEADER 00000 a2200000 4500
003 CL-VaPUC
005 20250314121758.0
008 250305t2008 ||||| |||| 00| 0 eng d
999 |c 445623  |d 445621 
020 |a 978-84-282-1469-8 
040 |c Pontificia Universidad Católica de Valparaíso 
082 7 |2 22  |a 638.1 PHI 2008 
100 |a Philippe, Jean-Marie  |9 438499  |e autor 
245 |a Guía del apicultor.  |b Utilizable en todas las regiones apícolas del mundo 
260 |a Barcelona, España:  |b Omega,   |c 2008. 
300 |a 340 páginas :  |b ilustraciones. 
583 |k GC  |c 20250305 
650 |a Apicultura   |9 264400 
650 |a Abejas   |x Especies y razas   |9 896345 
942 |2 ddc  |c BK 
952 |0 0  |1 0  |2 ddc  |4 0  |6 638_100000000000000_PHI_2008  |7 0  |8 A  |9 600623  |a BIBAGR  |b BIBAGR  |d 2025-03-05  |e 3  |g 73317.00  |i 5665541  |o 638.1 PHI 2008  |p 5665541  |r 2025-03-05  |t 1  |v 73317.00  |w 2025-03-05  |y BK  |k AGR 
952 |0 0  |1 0  |2 ddc  |4 0  |6 638_100000000000000_PHI_2008  |7 0  |8 A  |9 600624  |a BIBAGR  |b BIBAGR  |d 2025-03-05  |e 3  |g 73317.00  |i 5665542  |o 638.1 PHI 2008  |p 5665542  |r 2025-03-05  |t 2  |v 73317.00  |w 2025-03-05  |y BK  |k AGR